Statistics for All tram stops in The Hague (NL) Quiz

Click here to take the quiz!

General Stats

  • This quiz has been taken 3 times
  • The average score is 115 of 302

Answer Stats

Answer% Correct
Beatrixkwartier
100%
Bierkade
100%
Centrum
100%
Den Haag Centraal
100%
Den Haag HS
100%
Grote Markt
100%
Javastraat
100%
Kalvermarkt-Stadhuis
100%
Kunstmuseum
100%
Kurhaus
100%
Madurodam
100%
Malieveld
100%
Spui
100%
Stadhuis
100%
Statenkwartier
100%
Zwarte Pad
100%
Adriaan Goekooplaan
50%
Anna Bijnslaan
50%
Arnold Spoelplein
50%
Badhuiskade
50%
Beresteinlaan
50%
Betje Wolffstraat
50%
Bikolaan
50%
Bouwlustlaan
50%
Broeksloot
50%
Brouwersgracht
50%
Buitenhof
50%
Carel Reinierszkade
50%
Cartesiusstraat
50%
Circustheater
50%
De la Reyweg
50%
Delftselaan
50%
De Rade
50%
De Savornin Lohmanplein
50%
De Uithof
50%
Dierenselaan
50%
Doornstraat
50%
Dorp
50%
Dorpskade
50%
Dynamostraat
50%
Elandstraat
50%
Erasmusplein
50%
Essesteijn
50%
Forepark
50%
Frederik Hendriklaan
50%
Goudenregenplein
50%
Goudenregenstraat
50%
Groot Hertoginnelaan
50%
Haagse Markt
50%
Heliotrooplaan
50%
HMC Antoniushove
50%
HMC Westeinde
50%
Hoefkade
50%
Hofzichtlaan
50%
Houtrust
50%
Jacob Catsstraat
50%
Javabrug
50%
Javalaan
50%
Kastelenring
50%
Korte Voorhout
50%
Kraayensteinlaan
50%
Laan Copes van Cattenburch
50%
Laan van Meerdervoort
50%
Lansingerland-Zoetermeer
50%
Leeghwaterplein
50%
Leidschendam-Voorburg
50%
Leidschenveen
50%
Leyenburg
50%
Leyweg
50%
Loosduinse Hoofdstraat
50%
Loosduinseweg
50%
Lorentzplein
50%
Mall of The Netherlands
50%
Margarethaland
50%
Mauritskade
50%
Monnickendamplein
50%
Nieuwe Duinweg
50%
Nieuwe Plantage
50%
Nootdorp Centrum
50%
Nunspeetlaan
50%
Om en Bij
50%
Oostinje
50%
Oudemansstraat
50%
Parijsplein
50%
Patentlaan
50%
Paul Krugerplein
50%
Prinsenhof
50%
Prinses Beatrixlaan
50%
Reigersbergenweg
50%
Rijswijkseplein
50%
Seghwaert
50%
Station Delft
50%
Station Laan van NOI
50%
Station Mariahoeve
50%
Station Moerwijk
50%
Station Rijswijk
50%
Station Ypenburg
50%
Strandweg
50%
Stuyvesantplein
50%
Ternoot
50%
Tholensestraat
50%
Tienhovenselaan
50%
Vaillantlaan
50%
Van Speijkstraat
50%
Van Tuyllpark
50%
Vlamenburg
50%
Voorburg ’t Loo
50%
Voorweg Hoog
50%
Voorweg Laag
50%
Vredespaleis
50%
Vuurbaakstraat
50%
Waldorpstraat
50%
Weigelia
50%
Weimarstraat
50%
Willem de Zwijgerlaan
50%
World Forum
50%
Wouwermanstraat
50%
Zoetermeer Centrum West
50%
Zoutmanstraat
50%
Zuiderstrand
50%
Zuidwoldepad
50%
Abtswoudsepark
0%
Admiraal Helfrichsingel
0%
Aletta Jacobsstraat
0%
Anthony Fokkersingel
0%
Appelstraat
0%
Azaleaplein
0%
Bogaard Stadscentrum
0%
Brasserskade
0%
Broekpolder
0%
Bruijnings-Ingenhoeslaan
0%
Buitentuinen
0%
Burgemeester Hovylaan
0%
Burgemeester Kolfschotenlaan
0%
Buytenwegh
0%
Conradkade
0%
Dedemsvaartweg
0%
De Dreef
0%
De Leyens
0%
Delftsewallen
0%
Diepenbrockstraat
0%
Dillenburgsingel
0%
Doctor van Welylaan
0%
Dokter Kuyperstraat
0%
Driemanspolder
0%
Duinstraat
0%
Eikelenburg
0%
Elzendreef
0%
Fahrenheitstraat
0%
Frankenslag
0%
Generaal Spoorlaan
0%
Goudriaankade
0%
Gravenstraat
0%
Gruttosingel
0%
Handelskade
0%
Hardenbroekstraat
0%
Heeswijkplein
0%
Herenstraat
0%
Hoefbladlaan
0%
Hoge Veld
0%
Hoornbrug
0%
Hovenpassage
0%
Jonckbloetplein
0%
Kamperfoeliestraat
0%
Kapelaan Meereboerweg
0%
Keizerstraat
0%
Klaverveld
0%
Kneuterdijk
0%
Krakeelpolderweg
0%
Laan van Eik en Duinen
0%
Laan van ’s Gravenmade
0%
Laan van Ypenburg
0%
Lage Veld
0%
Lanen
0%
Leggelostraat
0%
Leidsewallen
0%
Loevesteinlaan
0%
Martinus Nijhofflaan
0%
Meerzicht
0%
Monseigneur Van Steelaan
0%
Monstersestraat
0%
Mozartlaan
0%
Muurbloemweg
0%
Obrechtstraat
0%
Oosteinde
0%
Oosterheem
0%
Oude Middenweg
0%
Palenstein
0%
Pisuissestraat
0%
Plesmanlaan
0%
Revalidatiecentrum
0%
Riouwstraat
0%
Sadatweg
0%
Scheveningse Slag
0%
Scholekstersingel
0%
’s-Gravenmade
0%
Sportlaan
0%
Statenlaan
0%
Steenwijklaan
0%
Thorbeckelaan
0%
Torenstraat
0%
Valkenboslaan
0%
Valkenbosplein
0%
Van der Slootsingel
0%
Van Musschenbroekstraat
0%
Van Vredenburchweg
0%
Van Zeggelenlaan
0%
Verffabriek
0%
Volmerlaan
0%
Wagenaarweg
0%
Walnootstraat
0%
Weidedreef
0%
Weidevogellaan
0%
Wenckebachstraat
0%
Weteringplein
0%
Willem Dreeslaan
0%
Wolweversgaarde
0%
Ypenburg Centrum
0%
Zonnebloemstraat
0%
Zuiderpark
0%

Score Distribution

Percentile by Number Answered

Percent of People with Each Score

Your Score History

You have not taken this quiz